00476cam a22001457a 4500008004000000082001500040245009300055260002900148300001000177500003400187650001300221650002600234700003500260700003500295180718b1949 xxu||||| |||| 00| 0 eng d aL3x73 C737 aOur national debt: its history and its meaning todaycby Committee on Public Debt Policy aNew YorkbHarcourtc1949 a182p. aChairman: W. Randolph Burgess aChairman aUnited States - Debts aBurgess, W. Randolph(Chairman) aComittee on Public Debt Policy